00359nam a22001097a 4500003000400000005001700004008004100021040002700062100004000089245008500129260003500214OSt20240320122422.0240320b |||||||| |||| 00| 0 eng d cCentral Library MRSPTU aGurpeet (ਗੁਰਪ੍ਰੀਤ) aSehai Kulli Ha :- Kavita (ਸਿਆਹੀ ਘੁਲੀ ਹੈ:- ਕਵਿਤਾ) aMansabUdaan Publicationc2011